000 00360nam a2200145Ia 4500
008 230917s9999||||xx |||||||||||||| ||und||
040 _e97132
_aMAIN
041 _aEnglish
082 _a971 M394S
100 _aMasters, Donald C
245 2 _aA short history of Canada
260 _aNew York
_bVan Nostrand Reinhold
_c1958
300 _a191 p.
942 _cBK
999 _c208760
_d208760